| 000 | 00347nam a2200109Ia 4500 | ||
|---|---|---|---|
| 008 | 171211s9999 xx 000 0 und d | ||
| 245 | _aOnline GIS and Spatial Metadata, Second Edition | ||
| 245 | _cBrian A. Hope and Terry Bossomaier | ||
| 260 | _c2015 | ||
| 650 | _xINFORMATION TECHNOLOGIES | ||
| 856 | _uhttp://down.ebook777.com/064/1482220156.pdf | ||
| 999 |
_c349688 _d349688 |
||